Books by Synonym - Statistics

General Stats
  • This quiz has been taken 595 times
  • The average score is 11 of 15
Answer Stats
Synonymous Title Real Book % Correct
Small Females Little Women
94%
Fighting and Tranquility War and Peace
93%
From Rats and Guys Of Mice and Men
92%
King of the Bugs Lord of the Flies
90%
Dignity and Animosity Pride and Prejudice
81%
Creature Plantation Animal Farm
75%
Misdemeanor and Retribution Crime and Punishment
75%
Courageous Young Planet Brave New World
74%
Battle of the Planets War of the Worlds
74%
The Yell of the Untamed The Call of the Wild
65%
Huge Anticipation Great Expectations
55%
In the Street On the Road
54%
The Craft of Bloodshed The Art of War
54%
The Star Comes Up, Too The Sun Also Rises
46%
The Crop of Indignation The Grapes of Wrath
43%
No matching quizzes found
Score Distribution
Percent of People with Each Score
Percentile by Number Answered
Your Score History
You have not taken this quiz